Student Manual : Theory and Practice of Group Counseling /

Manual del estudiante acompañante del libro de texto homónimo, en el que son presentados los conceptos y técnicas claves de diez enfoques teóricos de la terapia grupal y elementos básicos de los procesos grupales. Los enfoques incluidos son el psicoanalítico, la terapia adleriana, el psicodrama, el...

Disgrifiad llawn

Wedi'i Gadw mewn:
Manylion Llyfryddiaeth
Prif Awdur: Corey, Gerald (autor)
Fformat: Llyfr
Iaith:Saesneg
Cyhoeddwyd: Pacific Grove, EUA : Brooks Cole, 2004, c2004
Cyfres:(The Comprehensive Corey Library of Texts and Multimedia)
Pynciau:
Tagiau: Ychwanegu Tag
Dim Tagiau, Byddwch y cyntaf i dagio'r cofnod hwn!

MARC

LEADER 00000nam^a2200000^a^4500
001 000158131
005 20250521000000.0
009 20260310100603.311
020 |a 0-534-59700-9 
037 |a Acervo ITESO - Biblioteca 
041 |a ING 
082 |a 616. 89152  |b COR V. 2 
100 |a Corey, Gerald  |e (autor) 
240 1 1 |a [Teoría y práctica de la terapia grupal] 
240 1 1 |a [Theory and Practice of Group Counselling] 
245 1 0 |a Student Manual :  |b Theory and Practice of Group Counseling /  |c G. Corey. 
264 4 |a Pacific Grove, EUA :  |b Brooks Cole,  |c 2004, c2004 
300 |a IV, 217 p. 
336 |a texto  |b txt  |2 rdacontenido 
337 |a sin mediación  |b n  |2 rdamedio 
338 |a volumen  |b nc  |2 rdasoporte 
440 5 |a (The Comprehensive Corey Library of Texts and Multimedia) 
520 |a Manual del estudiante acompañante del libro de texto homónimo, en el que son presentados los conceptos y técnicas claves de diez enfoques teóricos de la terapia grupal y elementos básicos de los procesos grupales. Los enfoques incluidos son el psicoanalítico, la terapia adleriana, el psicodrama, el existencial, el enfoque centrado en la persona, la terapia Gestalt, el análisis transaccional, la terapia conductual, la terapia racional emotiva y la terapia realista. El libro de texto está disponible en la Biblioteca del ITESO en su versión en castellano. 
649 |a XX 
650 |a Psicoterapia Grupal -  |x Tema Principal 
650 |a Psicopatología 
650 |a Psicología Clínica 
910 |a Fondo General 
920 |a Impresos - Libros 
930 |a Colección General 
905 |a 101 
901 |a 0500089518  |b IT1  |c ACC  |u 20250521 
902 |a https://opac.biblio.iteso.mx/vufind/Record/000158131